Гранитный город: Петербург-Петроград-Ленинград; литературно-художественный сборник; для среднего и старшего школьного возраста

Chi tiết về thư mục
Tác giả khác: Кралина М. (составитель)
Tóm tắt:Изд. к 285-летию Ленинграда
Ngôn ngữ:Tiếng Nga
Được phát hành: Ленинград, Детская литература, 1989
Những chủ đề:
Định dạng: Sách
KOHA link:https://koha.lib.tpu.ru/cgi-bin/koha/opac-detail.pl?biblionumber=167075

MARC

LEADER 00000nam0a2200000 4500
001 167075
005 20231031162701.0
010 |a 5080002964 
020 |a RU  |b 89-30281 
035 |a (RuTPU)RU\TPU\book\181230 
090 |a 167075 
100 |a 20091012d1989 de y0rusy5003 ca 
101 0 |a rus 
102 |a RU 
105 |a a z 010ay 
200 1 |a Гранитный город  |e Петербург-Петроград-Ленинград   |e литературно-художественный сборник  |e для среднего и старшего школьного возраста  |f сост., вавт. предисл. и примеч. М. Кралина 
210 |a Ленинград  |c Детская литература  |c Ленингр. отд-ние  |d 1989 
215 |a 230,[1] с.  |c ил.  |d 22x20 см 
300 |a Изд. к 285-летию Ленинграда 
610 1 |a русские писатели 
610 1 |a Петербург 
610 1 |a Петроград 
610 1 |a Ленинград 
675 |a Р1  |z rus 
702 1 |a Кралина  |b М.  |4 220 
801 0 |a RU  |b RuMRKP  |c 19950417  |g psbo 
801 1 |a RU  |b 63413507  |c 20091012 
801 2 |a RU  |b 63413507  |c 20091012  |g RCR 
942 |c BK